Estadísticas para Famoso jugador de fútbol - Imágenes

Haz click aquí para tomar la prueba!

Estadísticas generales

  • Esta prueba ha sido tomada 1.215 veces
  • La puntuación promedio es 13 de 15

Estadísticas de respuestas

Respuesta% Correcto
Diego Maradona
99%
Pelé
99%
Zinedine Zidane
97%
Pepe
95%
Xavi
95%
Zlatan Ibrahimović
95%
Ronaldinho
94%
David Beckham
90%
Diego Costa
88%
Raphaël Varane
86%
Hugo Lloris
80%
Dele Alli
74%
Roberto Baggio
72%
Blaise Matuidi
63%
Xherdan Shaqiri
61%

Distribución de puntuación

Porcentaje por número respondido

Porcentaje de gente con cada puntuación

Historial de tus puntuaciones

No has tomado esta prueba